Skylanders Superchargers Vehicles - Statistics

General Stats
  • This quiz has been taken 21 times
  • The average score is 20 of 35
Answer Stats
Hint Answer % Correct
Land Barrel Blaster
88%
Land Hot Streak
88%
Sky Clown Cruiser
82%
Sea Sea Shadow
82%
Sea Splatter Splasher
82%
Land Crypt Crusher
76%
Sea Soda Skimmer
76%
Sky Stealth Stinger
76%
Land Tomb Buggy
76%
Sea Dive Bomber
71%
Sky Jet Stream
71%
Sky Sky Slicer
71%
Sky Sun Runner
71%
Land Burn-Cycle
65%
Land Gold Rusher
65%
Sea Reef Ripper
65%
Land Shark Tank
65%
Land Thump Truck
65%
Sky Buzz Wing
53%
In Game (Land) Dark Barrel Blaster
53%
In Game (Land) Dark Hot Streak
53%
In Game (Sea) Dark Sea Shadow
53%
Land Shield Striker
53%
In Game (Sky) Nitro Stealth Stinger
47%
In Game (Sky) Dark Clown Cruiser
41%
In Game (Sky) Legendary Sun Runner
41%
In Game (Land) Power Blue Gold Rusher
41%
In Game (Sea) Power Blue Splatter Splasher
41%
Chase (Land) Bronze Tomb Buggy
35%
In Game (Land) Golden Hot Streak
35%
In Game (Sea) Nitro Soda Skimmer
35%
Chase (Land) Patina Burn-Cycle
29%
Chase (Land) Patina Shield Striker
24%
In Game (Sea) Spring Ahead Dive Bomber
24%
In Game (Land) Event Exclusive Hot Streak
12%
No matching quizzes found
Score Distribution
Percent of People with Each Score
Percentile by Number Answered
Your Score History
You have not taken this quiz